000 00664nam a2200241Ia 4500
003 OSt
005 20221007075152.0
006 a|||||r|||| 00| 0
007 ta
008 221006b |||||||| |||| 00| 0 eng d
024 _a10,331
037 _cTextual
040 _aFLL
_cFLL
_beng
041 _2eng
_aeng
082 _aD854.2, N6
100 _aTrivedi P.R. Au.
_9693585
245 0 _aEnvironmental laws on wildlife
260 _aNew Delhi
_bCommonwealth pub. India
_c1996
300 _a243p
_ccm.
700 _a Singh U.K. Au.
_9693586
942 _hD854.2, N6
_cTEXL
_2CC
999 _c1155059
_d1155059